Culture Générale - Série 2427 - Statistiques

Statistiques générales
  • Ce quiz a été pris 137 fois
  • Le résultat moyen est 6 sur 10
Statistiques - réponses
Question Réponse % Correct
Quel est le nom de l'art japonais du pliage du papier ? origami
96%
De quel pays Tbilissi est-elle la capitale ? Géorgie
79%
Au tour d'Italie cycliste, quelle est la couleur du maillot porté par le leader du classement général ? rose
76%
Dans quel pays vit le mammifère ressemblant à un ourson, appelé "wombat" ? Australie
69%
A la belote combien de points vaut le 9 d'atout ? 14
64%
Quel nom porte l'université situé à Cambridge dans l'état du Massachusetts des Etats Unis ? Harvard
58%
Dans quelle ville est décerné le prix Nobel de la paix ? Oslo
56%
Qui a peint "Le déjeuner sur l'herbe" en 1863 ? prénom et nom - voir photo Edouard Manet
44%
A base de quel fruit est fabriqué la liqueur curaçao ? orange
36%
Quel est le nom du canal qui sépare Madagascar du continent africain ? canal du Mozambique
29%
Aucun quiz correspondant
Distribution des résultats
% des personnes avec chaque résultat
Percentile par nombre de réponses
Votre historique - résultats
Vous n’avez pas pris ce quiz